| 000 | 00378nam a22001337a 4500 | ||
|---|---|---|---|
| 020 | _a0-201-14549-9 | ||
| 082 | _a621.399 COL'O | ||
| 100 |
_aCOLLINGS, NIEL _962317 |
||
| 245 | _aOPTICAL PATTERN RECOGNITION ,USING HOLOGRAPHIC TECHNIQUES | ||
| 260 |
_aNEWYORK _bADDISON WESLEY _c1988 |
||
| 300 | _a122P | ||
| 650 |
_aOPTICAL PATTERN RECOGNITION HOLOGRAPHY _962318 |
||
| 942 | _cBK | ||
| 999 |
_c571458 _d571458 |
||